Datum a čas kvízu
27
Celkem bodů
Celkový počet nahraných bodů na tomto kvízu bez doplňovacích otázek.
5.
Pořadí na kvízu
Konečné umístění týmu na tomto kvízu.
Zaznamenané odpovědi
| # | Otázka | Odpověď | Body | Výsledky |
|---|---|---|---|---|
| 1. | Do pražské ZOO minulý týden do... | luskouni | 0 | |
| 2. | V Saúdské Arábii byla ve střed... | havarijní pojištění | 0 | |
| 3. | Na streamovací platformě Netfl... | Barack Obama | 1 | |
| 4. | Vítězem prestižních anket Svět... | Hyundai Ioniq (5) | 0 | |
| 5. | Jubilejní zápas v historii čes... | 2000. zápas | 1 | |
| 6. | V dalším díle této tematické s... | dračinec | 0 | |
| 7. | Tato dvě africká zvířátka jsou... | včel | 1 | |
| 8. | Tento živočich je typickou koč... | serval | 0 | |
| 9. | Tato rostlina je významná hlav... | kadidlo | 0 | |
| 10. | Tento obyvatel subsaharské Afr... | hrabáč | 0 |